1878 1362 1853 1698 1811 1815 1671 1345 1980 1583 1748 1407 1006 1725 1403 1128 1201 1404 1575 1415 1301 1224 1419 1371 1332 1464 1195 1741 1537 1845 1564 1220 1464 1820 1727 1424 1464 2000 1218 1281 1325 1630 1617 1722 1837 1094 1539 1166 1940 1042 1220 1694 1114 1567 1065 1884 1595 1911 1885 1366 1199 1121 1776 1742 1274 1382 1249 1179 1771 1698 1596 1226 1094 1402 1770 1699 1229 1707 1108 1721 1232 1878 1180 1847 1804 1788 1125 1590 1152 1197 1760 1892 1718 1994 1047 1209 1819 1763 1144 BCNSPRNW ULIB Ver.6.0+V

เปลี่ยนเป็นภาษาไทย

Change to English
 แสดงรายละเอียดบรรณานุกรม
  กลับหน้าหลัก

Brief Record : Get Marc (ISO 2709) : E-mail record : QR code < ปิดหน้าต่าง
LEADER : 00000nam 2200000uu 4500
001    13399125314
003     ULIB
008    170419s2559||||th 000 0 tha d
020    ^a9786167829661
060 04 ^aWC515^bช576Q
100 0  ^aชิษณุ พันธุิ
245 00 ^aQ&A ไขปัญหา ^d"ไข้หวัดใหญ่...ภัยร้ายที่ป้องกันได้"/^cชิษณุ พันธุิ
250    ^aพิมพ์ครั้งที่ 1
260    ^aกรุงเทพฯ : ^bโครงการจุฬาคิดส์คลับ ฝ่ายกุมารเวชศาสตร์ โรงพยาบาลจุฬาลงกรณ์ สภากาชาดไทย,^c2559.
300    ^a71 หน้า :^c16 ซม.
650  7 ^aไข้หวัดใหญ่^xการป้องกันและควบคุม^xไขปัญหา
650  7 ^aวัคซีนไข้หวัดใหญ่
945    ^p0^l0^i001925
945    ^p0^l0^i001926
945    ^p0^l0^i001927
999    ^aวรรณษา ชูชัยมงคล
รายการนี้ยังไม่มีแท็ก
คุณยังไม่ได้ล็อกอิน คุณสามารถมีกิจกรรมร่วมกับเว็บไซต์ได้ แต่ต้องล็อกอินก่อน ::
  ล็อกอิน

รายการสื่อสารสนเทศ

ลำดับที่ ประเภท เลขเรียก/บาร์โค้ด สถานที่ สถานะ
1. วิทยาศาสตร์การแพทย์ และสุขภาพ
วิทยาศาสตร์การแพทย์ และสุขภาพ
WC515 ช576Q ฉ.1 
  Barcode: 001925
ห้องสมุดวิทยาเขตสวรรค์ประชารักษ์
►หนังสือทั่วไป
บนชั้น
2. วิทยาศาสตร์การแพทย์ และสุขภาพ
วิทยาศาสตร์การแพทย์ และสุขภาพ
WC515 ช576Q ฉ.2 
  Barcode: 001926
ห้องสมุดวิทยาเขตสวรรค์ประชารักษ์
►หนังสือทั่วไป
บนชั้น
3. วิทยาศาสตร์การแพทย์ และสุขภาพ
วิทยาศาสตร์การแพทย์ และสุขภาพ
WC515 ช576Q ฉ.3 
  Barcode: 001927
ห้องสมุดวิทยาเขตสวรรค์ประชารักษ์
►หนังสือทั่วไป
บนชั้น

รายการใกล้เคียง
    ผู้แต่ง [ชิษณุ พันธุิ]

    หัวเรื่อง [วัคซีนไข้หวัดใหญ่]

BibComment


ยังไม่เคยถูกคอมเมนท์

คอมเมนท์ทรัพยากรรายการนี้
  คอมเมนท์: QA ไขปัญหา ไข้ห..


 Copyright 2026. Bcnsprnw @Library